000 00477nam a2200181Ia 4500
003 GCL
008 140319s9999 xx 000 0 ara d
040 _aGCL /
_cGCL
082 0 4 _a813.03
_bن د
100 1 _aنجيب محفوظ
245 1 0 _aدنيا الله /
_cنجيب محفوظ
260 _a[S.N] :
_bدار مصر للطباعة
300 _a198 ص
490 _a
650 0 4 _aالادب العربى
650 0 4 _aالقصص العربية
942 _2ddc
_cBK
999 _c54358
_d54358